000 00748nam a2200181Ia 4500
008 100921s9999 xx 000 0 und d
082 _b10862
_a891.43 थ 69
100 _aसिंह दुर्गावती.
245 _aछोटा परिवार सुखी परिवार.
260 _bराधाकृष्ण प्रकाशन,दिल्ली.
_c1969
300 _a100
_b---
365 _b4.5
520 _aललित-हिन्दी-वाङ्रमय.
630 _aछोटा परिवार सुखी परिवार.
650 _aललित-हिन्दी-वाङ्रमय.
730 _aछोटा परिवार सुखी परिवार.
942 _cBOOK
999 _c759975
_d759972